书目信息 |
| 题名: |
建筑施工技术
|
|
| 作者: | 魏应乐 , 徐猛勇 主编 | |
| 分册: | ||
| 出版信息: | 北京 中国水利水电出版社 2009.08 |
|
| 页数: | 447页 | |
| 开本: | 26cm | |
| 丛书名: | ||
| 单 册: | ||
| 中图分类: | TU74 | |
| 科图分类: | ||
| 主题词: | 建筑工程 , 建筑工程--工程施工--高等教育--教材 | |
| 电子资源: | ||
| ISBN: | 978-7-5084-6805-1 | |
| 000 | 01046nam0 2200277 450 | |
| 001 | 1147636546 | |
| 005 | 20111212131434.14 | |
| 010 | @a978-7-5084-6805-1@dCNY52.00 | |
| 090 | @aTU74@bwyl | |
| 096 | @aTU74@bwyl | |
| 100 | @a20091009d2009 em y0chiy50 ea | |
| 101 | 0 | @achi |
| 102 | @aCN@b110000 | |
| 105 | @aa z 000yy | |
| 200 | 1 | @a建筑施工技术@b专著@f魏应乐,徐猛勇主编@9jian zhu shi gong ji shu |
| 210 | @a北京@c中国水利水电出版社@d2009.08 | |
| 215 | @a447页@c图@d26cm | |
| 300 | @a全国水利水电高职教研会,中国高职教研会水利行业协作委员会规划推荐教材 高职高专土建类专业系列教材 | |
| 330 | @a本书以项工程施工为主线,主要内容包括:土方工程、地基与基础工程、砌筑工程、混凝土结构工程、预应力混凝土工程、结构安装工程、防水工程、装饰工程、季节性施工、高层建筑工程等。 | |
| 606 | 0 | @a建筑工程 |
| 606 | 0 | @a建筑工程@x工程施工@x高等教育@j教材 |
| 690 | @aTU74@v4 | |
| 701 | 0 | @a魏应乐@4主编@9wei ying le |
| 701 | 0 | @a徐猛勇@4主编@9xu meng yong |
| 801 | 0 | @aCN@b大连网信软件有限公司图书馆·11@c20111212 |
| 905 | @aZUCC@dTU74@eW609 | |
| 建筑施工技术/魏应乐,徐猛勇主编.-北京:中国水利水电出版社,2009.08 |
| 447页:图;26cm |
| 全国水利水电高职教研会,中国高职教研会水利行业协作委员会规划推荐教材 高职高专土建类专业系列教材 |
| ISBN 978-7-5084-6805-1:CNY52.00 |
| 本书以项工程施工为主线,主要内容包括:土方工程、地基与基础工程、砌筑工程、混凝土结构工程、预应力混凝土工程、结构安装工程、防水工程、装饰工程、季节性施工、高层建筑工程等。 |
| ● |
| 相关链接 |
|
|
|
正题名:建筑施工技术
索取号:TU74/W609
 
预约/预借
| 序号 | 登录号 | 条形码 | 馆藏地/架位号 | 状态 | 备注 |
| 1 | 827254 | 208272545 | 建筑库201/201建筑库 108排1列3层/ [索取号:TU74/W609] | 在馆 | |
| 2 | 827255 | 208272554 | 建筑库201/201建筑库 108排1列3层/ [索取号:TU74/W609] | 在馆 | |
| 3 | 827256 | 208272563 | 建筑库201/201建筑库 108排1列3层/ [索取号:TU74/W609] | 在馆 | |
| 4 | 827257 | 208272572 | 建筑库201/201建筑库 108排1列3层/ [索取号:TU74/W609] | 在馆 | |
| 5 | 827258 | 208272581 | 建筑库201/201建筑库 108排1列4层/ [索取号:TU74/W609] | 在馆 |